Informe semestral: julio a diciembre de 1972

El documento presenta un informe semestral (julio a diciembre de 1972) del Ministerio de Obras Públicas y Transportes, Instituto Geográfico Nacional.

Gespeichert in:
Bibliographische Detailangaben
Körperschaft: Costa Rica. Ministerio de Obras Públicas y Transportes. Instituto Geográfico Nacional
Format: Text
Sprache:Spanish
Veröffentlicht: San José :
Schlagworte:
Tags: Tag hinzufügen
Keine Tags, Fügen Sie den ersten Tag hinzu!

MARC

LEADER 00000 a a2200000 04500
001 16747
003 cru CIDCACS/IIS
005 20220712122607.0
008 171019b xxu||||| |||| 00| 0 spa d
040 |c cru CIDCACS/IIS 
090 |a 19.02.08 CR8375i 
110 |a Costa Rica. Ministerio de Obras Públicas y Transportes. Instituto Geográfico Nacional  
245 |a Informe semestral: julio a diciembre de 1972  
260 |a San José :  
300 |a 14 p.  
520 |a El documento presenta un informe semestral (julio a diciembre de 1972) del Ministerio de Obras Públicas y Transportes, Instituto Geográfico Nacional.  
650 |a INSTITUTO GEOGRAFICO NACIONAL, CR  
650 0 |a GEOGRAFIA  |9 392 
650 0 |a INFORMES  |9 9977 
942 |2 ddc  |c LI 
999 |c 11880  |d 11880